<?xml version="1.0" encoding="UTF-8"?><marc:collection xmlns:marc="http://www.loc.gov/MARC21/slim">
  <marc:record>
    <marc:leader>00000nam  2200000zi 4500</marc:leader>
    <marc:controlfield tag="001">9.871673</marc:controlfield>
    <marc:controlfield tag="003">CaOODSP</marc:controlfield>
    <marc:controlfield tag="005">20221107163442</marc:controlfield>
    <marc:controlfield tag="006">m     o  d f      </marc:controlfield>
    <marc:controlfield tag="007">cr cn|||||||||</marc:controlfield>
    <marc:controlfield tag="008">190416t20192019qucb    o    f000 0 gwi d</marc:controlfield>
    <marc:datafield tag="020" ind1=" " ind2=" ">
      <marc:subfield code="a">9780660305301</marc:subfield>
    </marc:datafield>
    <marc:datafield tag="040" ind1=" " ind2=" ">
      <marc:subfield code="a">CaOODSP</marc:subfield>
      <marc:subfield code="b">eng</marc:subfield>
      <marc:subfield code="e">rda</marc:subfield>
      <marc:subfield code="c">CaOODSP</marc:subfield>
    </marc:datafield>
    <marc:datafield tag="043" ind1=" " ind2=" ">
      <marc:subfield code="a">n-cn-nt</marc:subfield>
      <marc:subfield code="a">n-cn-yk</marc:subfield>
      <marc:subfield code="a">n-cn---</marc:subfield>
    </marc:datafield>
    <marc:datafield tag="045" ind1=" " ind2=" ">
      <marc:subfield code="a">y1y1</marc:subfield>
    </marc:datafield>
    <marc:datafield tag="086" ind1="1" ind2=" ">
      <marc:subfield code="a">R31-9/2018Gw-PDF</marc:subfield>
    </marc:datafield>
    <marc:datafield tag="086" ind1="1" ind2=" ">
      <marc:subfield code="z">R31-9/2018EGW-PDF</marc:subfield>
    </marc:datafield>
    <marc:datafield tag="110" ind1="2" ind2=" ">
      <marc:subfield code="a">Gwich'in Comprehensive Land Claim Agreement. </marc:subfield>
      <marc:subfield code="b">Implementation Committee, </marc:subfield>
      <marc:subfield code="e">author.</marc:subfield>
    </marc:datafield>
    <marc:datafield tag="245" ind1="1" ind2="0">
      <marc:subfield code="a">Gwich'in Guuveenjit Nitr'igwihèe'aa Eenjit Nadhàt kat dagweedi'ìn' diiyah gugwaandak gwi'dinehtł'èe' : </marc:subfield>
      <marc:subfield code="b">Gwich'in Nan Eenjit Łagwiinaadhan Tr'igwiłtsaii, April 1, 2015-March 31, 2018.</marc:subfield>
    </marc:datafield>
    <marc:datafield tag="264" ind1=" " ind2="1">
      <marc:subfield code="a">[Gatineau, Quebec] : </marc:subfield>
      <marc:subfield code="b">[Crown-Indigenous Relations and Northern Affairs Canada], </marc:subfield>
      <marc:subfield code="c">[2019]</marc:subfield>
    </marc:datafield>
    <marc:datafield tag="264" ind1=" " ind2="4">
      <marc:subfield code="c">©2019</marc:subfield>
    </marc:datafield>
    <marc:datafield tag="300" ind1=" " ind2=" ">
      <marc:subfield code="a">1 online resource (24 pages) : </marc:subfield>
      <marc:subfield code="b">colour map</marc:subfield>
    </marc:datafield>
    <marc:datafield tag="336" ind1=" " ind2=" ">
      <marc:subfield code="a">text</marc:subfield>
      <marc:subfield code="b">txt</marc:subfield>
      <marc:subfield code="2">rdacontent</marc:subfield>
    </marc:datafield>
    <marc:datafield tag="337" ind1=" " ind2=" ">
      <marc:subfield code="a">computer</marc:subfield>
      <marc:subfield code="b">c</marc:subfield>
      <marc:subfield code="2">rdamedia</marc:subfield>
    </marc:datafield>
    <marc:datafield tag="338" ind1=" " ind2=" ">
      <marc:subfield code="a">online resource</marc:subfield>
      <marc:subfield code="b">cr</marc:subfield>
      <marc:subfield code="2">rdacarrier</marc:subfield>
    </marc:datafield>
    <marc:datafield tag="500" ind1=" " ind2=" ">
      <marc:subfield code="a">Issued also in English under title: Consolidated report of the Implementation Committee: Gwich'in Comprehensive Land Claim Agreement, April 1, 2015-March 31, 2018; and in French under title: Rapport consolidé du Comité mise en œuvre : Entente sur la revendication  territoriale globale des Gwich'in, 1er avril 2015-31 mars 2018.</marc:subfield>
    </marc:datafield>
    <marc:datafield tag="500" ind1=" " ind2=" ">
      <marc:subfield code="a">"QS-5395-300-EGW-A1."</marc:subfield>
    </marc:datafield>
    <marc:datafield tag="546" ind1=" " ind2=" ">
      <marc:subfield code="a">Text in Gwich'in.</marc:subfield>
    </marc:datafield>
    <marc:datafield tag="630" ind1="0" ind2="0">
      <marc:subfield code="a">Gwich'in Comprehensive Land Claim Agreement </marc:subfield>
      <marc:subfield code="d">(1992 April 22)</marc:subfield>
    </marc:datafield>
    <marc:datafield tag="650" ind1=" " ind2="5">
      <marc:subfield code="a">First Nations</marc:subfield>
      <marc:subfield code="z">Northwest Territories</marc:subfield>
      <marc:subfield code="x">Claims.</marc:subfield>
    </marc:datafield>
    <marc:datafield tag="650" ind1=" " ind2="5">
      <marc:subfield code="a">First Nations</marc:subfield>
      <marc:subfield code="z">Yukon</marc:subfield>
      <marc:subfield code="x">Claims.</marc:subfield>
    </marc:datafield>
    <marc:datafield tag="650" ind1=" " ind2="5">
      <marc:subfield code="a">First Nations</marc:subfield>
      <marc:subfield code="x">Land tenure</marc:subfield>
      <marc:subfield code="z">Northwest Territories.</marc:subfield>
    </marc:datafield>
    <marc:datafield tag="650" ind1=" " ind2="5">
      <marc:subfield code="a">First Nations</marc:subfield>
      <marc:subfield code="x">Land tenure</marc:subfield>
      <marc:subfield code="z">Yukon.</marc:subfield>
    </marc:datafield>
    <marc:datafield tag="650" ind1=" " ind2="5">
      <marc:subfield code="a">First Nations</marc:subfield>
      <marc:subfield code="z">Northwest Territories</marc:subfield>
      <marc:subfield code="x">Government relations.</marc:subfield>
    </marc:datafield>
    <marc:datafield tag="650" ind1=" " ind2="5">
      <marc:subfield code="a">First Nations</marc:subfield>
      <marc:subfield code="z">Yukon</marc:subfield>
      <marc:subfield code="x">Government relations.</marc:subfield>
    </marc:datafield>
    <marc:datafield tag="650" ind1=" " ind2="5">
      <marc:subfield code="a">First Nations</marc:subfield>
      <marc:subfield code="z">Canada</marc:subfield>
      <marc:subfield code="x">Government relations.</marc:subfield>
    </marc:datafield>
    <marc:datafield tag="650" ind1=" " ind2="5">
      <marc:subfield code="a">First Nations</marc:subfield>
      <marc:subfield code="z">Northwest Territories</marc:subfield>
      <marc:subfield code="x">Treaties.</marc:subfield>
    </marc:datafield>
    <marc:datafield tag="650" ind1=" " ind2="5">
      <marc:subfield code="a">First Nations</marc:subfield>
      <marc:subfield code="z">Yukon</marc:subfield>
      <marc:subfield code="x">Treaties.</marc:subfield>
    </marc:datafield>
    <marc:datafield tag="650" ind1=" " ind2="5">
      <marc:subfield code="a">First Nations</marc:subfield>
      <marc:subfield code="z">Canada</marc:subfield>
      <marc:subfield code="x">Treaties.</marc:subfield>
    </marc:datafield>
    <marc:datafield tag="710" ind1="1" ind2=" ">
      <marc:subfield code="a">Canada. </marc:subfield>
      <marc:subfield code="b">Crown-Indigenous Relations and Northern Affairs Canada, </marc:subfield>
      <marc:subfield code="e">issuing body.</marc:subfield>
    </marc:datafield>
    <marc:datafield tag="775" ind1="0" ind2="8">
      <marc:subfield code="t">Consolidated report of the Implementation Committee : </marc:subfield>
      <marc:subfield code="w">(CaOODSP)9.868404</marc:subfield>
    </marc:datafield>
    <marc:datafield tag="856" ind1="4" ind2="0">
      <marc:subfield code="q">PDF</marc:subfield>
      <marc:subfield code="s">489 KB</marc:subfield>
      <marc:subfield code="u">https://publications.gc.ca/collections/collection_2021/rcaanc-cirnac/R31-9-2018-gwi.pdf</marc:subfield>
    </marc:datafield>
  </marc:record>
</marc:collection>
